header

Postmodernism and the revolution in religious theory (Record no. 97417)

MARC details
000 -LEADER
fixed length control field 01463nam a2200373Ia 4500
082 04 - DEWEY DECIMAL CLASSIFICATION NUMBER
Classification number 210
100 1# - MAIN ENTRY--AUTHOR NAME
Personal name Raschke, Carl A.
245 10 - TITLE STATEMENT
Title Postmodernism and the revolution in religious theory
260 ## - PUBLICATION, DISTRIBUTION, ETC. (IMPRINT)
Place of publication Charlottesville :
Name of publisher University of Virginia Press,
Year of publication c2012.
300 ## - PHYSICAL DESCRIPTION
Number of Pages x, 235 p.
490 0# - SERIES STATEMENT
Series statement Studies in religion and culture
650 #0 - SUBJECT ADDED ENTRY--TOPICAL TERM
Topical Term Postmodernism
Topical Term Semiotics
856 40 - ELECTRONIC LOCATION AND ACCESS
Uniform Resource Identifier http://site.ebrary.com/lib/rucke/Doc?id=10608366

No items available.

© 2026 Rongo University
Contact us: librarian | system librarian | Rongo university